000 00527nam a2200181 i 4500
001 96695
003 ES-MaACL
005 20250730025317.0
007 t|
008 050629s1933 gw ||||1| ita d
100 1 _aMancini, Stefano.
_975933
245 1 3 _aLa tuberculosi dei polmoni e delle pleure /
_cdel Prof. Dott. Stefano Mancini.
260 _aLeipzig :
_bGeorg Thieme,
_c1933.
300 _a1135 p. :
_bil. ;
_c26 cm.
650 0 7 _aTuberculosis
_2embne
_917658
852 _aES-MaACL
_jE-1287
999 _c96695
_d96695